Μάνατζμεντ υποδοχής : οργάνωση & λειτουργία του τμήματος των ξενοδοχειακών επιχειρήσεων

Αποθηκεύτηκε σε:
Λεπτομέρειες βιβλιογραφικής εγγραφής
Κύριος συγγραφέας: Καταραχιάς, Λάμπρος Ι.
Μορφή: Βιβλίο
Γλώσσα:Greek
Δημοσίευση: Αθήνα : Ελλην, c1998
Σειρά:Βιβλιοθήκη τουριστικών και ξενοδοχειακών επαγγελμάτων
Θέματα:
Ετικέτες: Προσθήκη ετικέτας
Δεν υπάρχουν, Καταχωρήστε ετικέτα πρώτοι!

MARC

LEADER 00000cam a2200000 i 4500
001 1/97745
008 000111s1998 gre d
020 |a 960-286-342-0 
035 |l 10056256 
040 |a GR-MY-UA  |b gre  |e aacr 
041 0 |a gre 
082 0 |a 647.94 
100 0 |a Καταραχιάς, Λάμπρος Ι. 
245 1 0 |a Μάνατζμεντ υποδοχής :  |b οργάνωση & λειτουργία του τμήματος των ξενοδοχειακών επιχειρήσεων /  |c Λάμπρου Ι. Καταραχιά 
260 |a Αθήνα :   |b Ελλην,   |c c1998 
300 |a 166 σ. 
490 1 |a Βιβλιοθήκη τουριστικών και ξενοδοχειακών επαγγελμάτων 
650 0 0 |a Hospitality industry. 
650 0 0 |a Hotel management. 
830 0 |a Βιβλιοθήκη τουριστικών και ξενοδοχειακών επαγγελμάτων 
852 |a INST  |b CHIOS  |e 20040116  |h 647.94 ΚΑΤ  |p 005200012796  |q 005200012796  |t BK  |y 0 
852 |a INST  |b CHIOS  |e 20000111  |h 647.94 ΚΑΤ  |p 005200019180  |q 005200019180  |t BK  |y 0 
852 |a INST  |b CHIOS  |e 20010809  |h 647.94 ΚΑΤ  |p 005200021031  |q 005200021031  |t BK  |y 0 
901 |a BIBL2-2000-1 
901 |a BIBL2-2001-2 
901 |a BIBL2-2004-1 
909 |a Χ  |b 071348 
909 |a Χ  |b 107775 
909 |a Χ  |b 083871 
922 |a 2ΕΛΗ  |b 199912  |c ΤΔΕ  |d ΠΑΠΑΣΩΤΗΡΙΟΥ 
950 |a 112-1999-11-15 
970 |a ΣΠΕΝΤΖΑ  |b ΕΛΕΝΗ  |z 2000/01/19